000 00700nac a22002051u 4500
010 _a 99018739
020 _a031222348X (cloth)
082 0 0 _a368.4
_bMCK
090 _c7547
_d7547
100 _aMcKay, Stephen.
245 1 0 _aSocial security in Britain /
_cStephen McKay and Karen Rowlingson.
260 _aNew York :
_bSt. Martin's Press,1999
_c1999.
300 _axiii, 226 p. :
_bill. ;
_c23 cm.
500 _adistributer: Al-Ahram
504 _aIncludes bibliographical references (p. 211-223) and index.
511 _acatalogued by: wessam
650 0 _aSocial security
_zGreat Britain.
700 1 _aRowlingson, Karen.
942 _cBB
_k368.4MCK
999 _c7547
_d7547